Molecular Modeling Strategies to Design Novel Inhibitors of GAT1/ (Record no. 531601)
[ view plain ]
| 000 -LEADER | |
|---|---|
| fixed length control field | 00586nam a22001817a 4500 |
| 003 - CONTROL NUMBER IDENTIFIER | |
| control field | NUST |
| 005 - DATE AND TIME OF LATEST TRANSACTION | |
| control field | 20240627154403.0 |
| 008 - FIXED-LENGTH DATA ELEMENTS--GENERAL INFORMATION | |
| fixed length control field | 191021b ||||| |||| 00| 0 eng d |
| 038 ## - RECORD CONTENT LICENSOR | |
| Staff Name | Nusrat Nadeem |
| 082 ## - DEWEY DECIMAL CLASSIFICATION NUMBER | |
| Classification number | 200 |
| 100 ## - MAIN ENTRY--PERSONAL NAME | |
| Personal name | Zafar Sadia |
| 9 (RLIN) | 24497 |
| 245 ## - TITLE STATEMENT | |
| Title | Molecular Modeling Strategies to Design Novel Inhibitors of GAT1/ |
| Statement of responsibility, etc. | Sadia Zafar |
| 260 ## - PUBLICATION, DISTRIBUTION, ETC. | |
| Place of publication, distribution, etc. | Islamabad; |
| Name of publisher, distributor, etc. | RCMS NUST; |
| Date of publication, distribution, etc. | 2019. |
| 600 ## - SUBJECT ADDED ENTRY--PERSONAL NAME | |
| General subdivision | PhD- Computation Science & Engineering |
| 9 (RLIN) | 123869 |
| 700 ## - ADDED ENTRY--PERSONAL NAME | |
| Relator code | Supervisor:Dr. Ishrat Jabeen |
| 856 ## - ELECTRONIC LOCATION AND ACCESS | |
| Uniform Resource Identifier | <a href=" http://10.250.8.41:8080/xmlui/handle/123456789/27804"> http://10.250.8.41:8080/xmlui/handle/123456789/27804</a> |
| 942 ## - ADDED ENTRY ELEMENTS (KOHA) | |
| Source of classification or shelving scheme | |
| Koha item type | Soft Copy |
| Withdrawn status | Lost status | Source of classification or shelving scheme | Damaged status | Not for loan | Permanent Location | Current Location | Shelving location | Date acquired | Total Checkouts | Full call number | Barcode | Date last seen | Price effective from | Koha item type |
|---|---|---|---|---|---|---|---|---|---|---|---|---|---|---|
| Central Library (CL) | Central Library (CL) | Thesis | 06/27/2024 | 200 | CLPT-396 | 06/27/2024 | 06/27/2024 | Soft Copy | ||||||
| School of Interdisciplinary Engineering and Sciences (SINES) | School of Interdisciplinary Engineering and Sciences (SINES) | Thesis | 10/21/2019 | 004 SAD | RCMS003176 | 10/21/2019 | 10/21/2019 | Thesis |
